Countries With the Highest Autism Rate - Statistics

General Stats
  • This quiz has been taken 161 times
  • The average score is 7 of 20
Answer Stats
Autism Rate (%) Country % Correct
1.05% United States
100%
1.07% Canada
81%
1.45% Japan
70%
1.16% Australia
67%
1.45% South Korea
57%
1.14% New Zealand
54%
0.957% Spain
52%
1.04% Ireland
46%
1.01% Iceland
43%
1.46% Singapore
36%
1.03% Argentina
33%
1.06% Chile
28%
1.01% Uruguay
14%
1.39% Brunei
12%
1.02% Qatar
12%
0.966% Slovenia
12%
0.959% Uganda
4%
0.963% Cabo Verde
1%
0.965% Djibouti
1%
0.984% Equatorial Guinea
1%
No matching quizzes found
Score Distribution
Percent of People with Each Score
Percentile by Number Answered
Your Score History
You have not taken this quiz